Homeopathic remedies / (Record no. 122473)
[ view plain ]
| 000 -LEADER | |
|---|---|
| fixed length control field | 00771nam a22002657a 4500 |
| 003 - CONTROL NUMBER IDENTIFIER | |
| control field | 0 |
| 005 - DATE AND TIME OF LATEST TRANSACTION | |
| control field | 20180725122701.0 |
| 008 - FIXED-LENGTH DATA ELEMENTS--GENERAL INFORMATION | |
| fixed length control field | 0 |
| 010 ## - LIBRARY OF CONGRESS CONTROL NUMBER | |
| LC control number | A-947490 |
| 020 ## - INTERNATIONAL STANDARD BOOK NUMBER | |
| International Standard Book Number | 8176210226 |
| Terms of availability | 125.00 |
| 035 ## - SYSTEM CONTROL NUMBER | |
| System control number | A-947490 , A-947500 |
| 037 ## - SOURCE OF ACQUISITION | |
| Source of stock number/acquisition | Cen Lib/Ret |
| 040 ## - CATALOGING SOURCE | |
| Original cataloging agency | dpl |
| Language of cataloging | EN |
| Transcribing agency | 0 |
| 082 ## - DEWEY DECIMAL CLASSIFICATION NUMBER | |
| Classification number | 615.532 |
| 100 ## - MAIN ENTRY--PERSONAL NAME | |
| Personal name | Dancu,David |
| 9 (RLIN) | 19402 |
| 245 ## - TITLE STATEMENT | |
| Title | Homeopathic remedies / |
| Statement of responsibility, etc | by David Dancu |
| 260 ## - PUBLICATION, DISTRIBUTION, ETC. (IMPRINT) | |
| Place of publication, distribution, etc | New Delhi |
| Name of publisher, distributor, etc | Full Circle |
| Date of publication, distribution, etc | 1998 |
| 270 ## - ADDRESS | |
| Address | 18-19,Dishad Garden,G.T. Road |
| City | New Delhi |
| Postal code | 110095 |
| 300 ## - PHYSICAL DESCRIPTION | |
| Extent | 223p. |
| Dimensions | 20cm(pbk) |
| 490 ## - SERIES STATEMENT | |
| Series statement | Radiant health series |
| 500 ## - GENERAL NOTE | |
| General note | Includes bibliographical reference |
| 650 ## - SUBJECT ADDED ENTRY--TOPICAL TERM | |
| Topical term or geographic name as entry element | Medicine-Homeopathy |
| 9 (RLIN) | 104402 |
| 650 ## - SUBJECT ADDED ENTRY--TOPICAL TERM | |
| Topical term or geographic name as entry element | Common diseases-Homeopathy Cure |
| 9 (RLIN) | 104403 |
| 942 ## - ADDED ENTRY ELEMENTS (KOHA) | |
| Source of classification or shelving scheme | Dewey Decimal Classification |
| Koha item type | English Books |
| Classification part | 615.532 |
| Call number suffix | DAN |
| Withdrawn status | Lost status | Damaged status | Not for loan | Collection code | Home library | Current library | Date acquired | Source of acquisition | Cost, normal purchase price | Total Checkouts | Full call number | Barcode | Date last seen | Copy number | Cost, replacement price | Price effective from | Koha item type | Source of classification or shelving scheme |
|---|---|---|---|---|---|---|---|---|---|---|---|---|---|---|---|---|---|---|
| Not For Loan | Reference | Central Library | Central Library | 25/05/2015 | Cen Lib/Ret | 125.00 | 615.532 DAN | A-947490 | 25/05/2015 | 1 | 125.00 | 25/05/2015 | English Books | |||||
| Non-fiction | Tri Nagar | Tri Nagar | 25/07/2018 | BPPD/PUB | 125.00 | 615.532 DAN | A-947500 | 25/07/2018 | 125.00 | 25/07/2018 | English Books | Dewey Decimal Classification |
